Usos del computador (Record no. 171825)

MARC details
000 -LEADER
campo de control de longitud fija 00785nam a22002175i 4500
001 - NÚMERO DE CONTROL
campo de control 171825
003 - IDENTIFICADOR DE NÚMERO DE CONTROL
campo de control ES-MaACL
005 - FECHA Y HORA DE LA ÚLTIMA TRANSACCIÓN
campo de control 20250826000756.0
008 - DATOS DE LONGITUD FIJA--INFORMACIÓN GENERAL
campo de control de longitud fija 090602s1970 sp |||| | spa d
080 ## - NÚMERO DE LA CLASIFICACIÓN DECIMAL UNIVERSAL
Número de la Clasificación Decimal Universal 681.3
100 1# - ENTRADA PRINCIPAL--NOMBRE DE PERSONA
Nombre de persona Solomon, Irving I.
9 (RLIN) 140446
245 10 - MENCIÓN DEL TÍTULO
Título Usos del computador
Resto del título : un sencillo manual para ejecutivos /
Mención de responsabilidad, etc. Irving I. Solomon, Lawrence O. Weingart ; [traducción y adaptación Luís Rodríguez Menéndez, Alberto Martín Valencia].
260 ## - PUBLICACIÓN, DISTRIBUCIÓN, ETC.
Lugar de publicación, distribución, etc. Madrid :
Nombre del editor, distribuidor, etc. Castillo,
Fecha de publicación, distribución, etc. [1970]
300 ## - DESCRIPCIÓN FÍSICA
Extensión 220 p. ;
Dimensiones 22 cm.
650 14 - PUNTO DE ACCESO ADICIONAL DE MATERIA--TÉRMINO DE MATERIA
Término de materia o nombre geográfico como elemento de entrada Ordenadores.
9 (RLIN) 15740
700 1# - ENTRADA AGREGADA--NOMBRE PERSONAL
Nombre de persona Weingart, Lawrence O.
9 (RLIN) 140447
700 1# - ENTRADA AGREGADA--NOMBRE PERSONAL
Nombre de persona Rodríguez Menéndez, Luis
9 (RLIN) 98662
700 1# - ENTRADA AGREGADA--NOMBRE PERSONAL
Nombre de persona Martín Valencia, Alberto.
9 (RLIN) 140448
852 ## - LOCALIZACIÓN
Ubicación ES-MaACL
Número de control de estantería C-44676
itemnumber R.74063
Holdings
Estatus retirado Estado de pérdida Estado de daño No para préstamo Biblioteca de origen Biblioteca actual Ubicación en estantería Fecha de adquisición Fuente de adquisición Total de préstamos Signatura topográfica completa Código de barras Visto por última vez Precio de reemplazo Tipo de ítem Koha
        Biblioteca del Ateneo de Madrid Biblioteca del Ateneo de Madrid Depósito 2 02/06/2009     C-44676 1180326 23/02/2023 23/02/2023 Libro impreso